000 00325nam a2200133Ia 4500
003 SEM
008 141116s9999 xx 000 0 und d
100 _aКирилл Архимандрит
245 _aПастырское богословие
260 _aСПб
260 _c1853
300 _a342+X
942 _2udc
_cBK
999 _c60217
_d60217